Shadow work

Saved in:
Bibliographic Details
Main Author: Illich, Ivan, 1926-2002
Format: Book
Language:English
Published: Boston ; London : Marion Boyars, 1981.
Series:(Open forum series)
Subjects:
Tags: Add Tag
No Tags, Be the first to tag this record!

MARC

LEADER 00000cam a2200000 a 4500
001 1/113394
008 170315s1981####mau| ||| |||| ||eng||
020 |a 0714527114  
040 |a GR-MyUa  |b gre  |c GR-MyUa  |e AACR2 
041 0 |a eng 
082 7 |a 306.3   |2 (23) 
100 1 |a Illich, Ivan,   |d 1926-2002. 
245 1 0 |a Shadow work /   |c by Ivan Illich.  
260 |a Boston ;   |a London :   |b Marion Boyars,   |c 1981.  
300 |a 152 σ. ;   |c 22 εκ.  
490 0 |a (Open forum series)  
504 |a Περιλαμβάνει βιβλιογραφία.  
650 0 |a Economic development  |x Social aspects. 
650 0 |a Economic anthropology. 
650 0 |a Subsistence economy. 
852 |a INST  |b LESVOS  |e 20170315  |h 306.3 ILL  |p 005100058916  |q 005100058916  |t BK  |y 0